[Event "POL-ch U18 Girls"]
[Site "Sypniewo"]
[Date "2022.03.26"]
[Round "8"]
[White "Czerwinska, Oliwia"]
[Black "Matyjasek, Michalina"]
[Result "0-1"]
[WhiteElo "1428"]
[BlackElo "1435"]
[PlyCount "60"]
[EventDate "2022.03.19"]
[EventType "swiss"]
[EventRounds "9"]
[EventCountry "POL"]
[SourceTitle "CBM 207 Extra"]
[Source "ChessBase"]
[SourceDate "2022.05.31"]
[SourceVersion "1"]
[SourceVersionDate "2022.05.31"]
[SourceQuality "1"]

1. e4 c5 2. Nf3 g6 3. c3 Bg7 4. d4 cxd4 5. cxd4 d5 6. e5 Nh6 7. Be3 0-0 8. Qd2 Nf5 9. Bd3 Nxe3 10. fxe3 Nc6 11. 0-0 Bh6 12. Nc3 Bg4 13. Be2 f6 14. exf6 exf6 15. Ne1 Re8 16. Nc2 Bf5 17. Bf3 Nb4 18. Bxd5+ Nxd5 19. Nxd5 Qxd5 20. Kh1 Rac8 21. Ne1 Bxe3 22. Qd1 Qxd4 23. Nf3 Qxd1 24. Raxd1 Kg7 25. Nh4 Bg4 26. Rde1 Bf2 27. Rxe8 Rxe8 28. Nf3 Re2 29. h3 Bxf3 30. gxf3 Rxb2 0-1

[Event "POL-ch U18 Girls"]
[Site "Sypniewo"]
[Date "2022.03.22"]
[Round "4"]
[White "Kieca, Aleksandra"]
[Black "Matyjasek, Michalina"]
[Result "1/2-1/2"]
[WhiteElo "1696"]
[BlackElo "1435"]
[PlyCount "160"]
[EventDate "2022.03.19"]
[EventType "swiss"]
[EventRounds "9"]
[EventCountry "POL"]
[SourceTitle "CBM 207 Extra"]
[Source "ChessBase"]
[SourceDate "2022.05.31"]
[SourceVersion "1"]
[SourceVersionDate "2022.05.31"]
[SourceQuality "1"]

1. e4 c5 2. Nf3 Nc6 3. Bb5 g6 4. Bxc6 bxc6 5. 0-0 Bg7 6. Re1 Nh6 7. c3 0-0 8. d4 cxd4 9. cxd4 f6 10. Nc3 Nf7 11. Be3 d6 12. h3 Bd7 13. Qd2 Qa5 14. Rac1 Rac8 15. Red1 Qh5 16. Nh2 g5 17. Ne2 Qg6 18. Ng3 h5 19. Qc2 e6 20. Ne2 Kh7 21. f4 h4 22. Rf1 f5 23. exf5 exf5 24. Nf3 Rce8 25. Bf2 Bf6 26. fxg5 Nxg5 27. Nxg5+ Qxg5 28. Kh1 Rg8 29. Rg1 Kh8 30. Qd3 f4 31. Qf3 Re7 32. Nxf4 Rf7 33. Be3 Qf5 34. Rcf1 Rg3 35. Qe2 Qg5 36. Rf3 Re7 37. Rxg3 Qxg3 38. Qh5+ Rh7 39. Qg6 Qxg6 40. Nxg6+ Kg7 41. Nf4 Rh8 42. Bf2 Kf7 43. Rf1 Kg7 44. Kg1 Bg5 45. Be3 Kh6 46. Re1 Re8 47. Kf2 Rf8 48. Kf3 d5 49. g3 Kh7 50. gxh4 Bxh4 51. Rg1 Bf5 52. Ke2 Bf6 53. Rc1 Bd7 54. Rf1 Re8 55. Kd2 Kg8 56. Nd3 Kg7 57. Ne5 Bxh3 58. Rg1+ Kf8 59. Rg3 Bc8 60. Nxc6 Bb7 61. Rf3 Kg7 62. Na5 Bc8 63. Rg3+ Kf7 64. Rg1 Rh8 65. Rg2 Rh4 66. Nb3 Rg4 67. Rf2 Ke7 68. Rf3 Rg2+ 69. Kc3 Bg4 70. Rf2 Rxf2 71. Bxf2 Kd7 72. Kb4 Kc6 73. Nc5 Bd8 74. a3 a5+ 75. Kc3 Kb5 76. b3 Be7 77. a4+ Kb6 78. Nd3 Be2 79. Nf4 Bb4+ 80. Kc2 Bf3 1/2-1/2

[Event "POL-ch U17 Girls Qual"]
[Site "Jastrzebia Gora"]
[Date "2021.11.21"]
[Round "9"]
[White "Wojtas, Julia"]
[Black "Matyjasek, Michalina"]
[Result "1-0"]
[WhiteElo "1443"]
[BlackElo "1467"]
[PlyCount "97"]
[EventDate "2021.11.15"]
[EventType "swiss"]
[EventRounds "9"]
[EventCountry "POL"]
[SourceTitle "EXT 2023"]
[Source "ChessBase"]
[SourceDate "2022.10.05"]
[SourceVersion "1"]
[SourceVersionDate "2022.10.05"]
[SourceQuality "1"]

1. e4 c5 2. Nf3 g6 3. d4 cxd4 4. Nxd4 Nc6 5. Nc3 Bg7 6. Be3 Nf6 7. Bc4 0-0 8. Bb3 Re8 9. f3 e6 10. Qd2 d5 11. 0-0-0 Nxd4 12. Bxd4 e5 13. Be3 d4 14. Bh6 Be6 15. Ne2 b5 16. h4 a5 17. Bxe6 Rxe6 18. Bxg7 Kxg7 19. h5 Qc7 20. Kb1 b4 21. hxg6 fxg6 22. Qd3 Rc6 23. g4 Rc8 24. g5 Nh5 25. Rc1 a4 26. f4 Rc4 27. b3 axb3 28. cxb3 Rxc1+ 29. Rxc1 Qd7 30. Rxc8 Qxc8 31. fxe5 Qg4 32. e6 Qxe6 33. Qxd4+ Kg8 34. Qd5 Qxd5 35. exd5 Kf7 36. Kc2 Ke7 37. Kd3 Ng7 38. Ng3 Ne8 39. Ne4 Kd7 40. Nf6+ Nxf6 41. gxf6 h5 42. Ke4 g5 43. Ke5 Ke8 44. Ke6 h4 45. f7+ Kf8 46. d6 h3 47. d7 h2 48. d8Q+ Kg7 49. Qxg5+ 1-0

[Event "POL-ch U17 Girls Qual"]
[Site "Jastrzebia Gora"]
[Date "2021.11.20"]
[Round "8"]
[White "Matyjasek, Michalina"]
[Black "Szewczyk, Malwina"]
[Result "1-0"]
[WhiteElo "1467"]
[BlackElo "1409"]
[PlyCount "79"]
[EventDate "2021.11.15"]
[EventType "swiss"]
[EventRounds "9"]
[EventCountry "POL"]
[SourceTitle "EXT 2023"]
[Source "ChessBase"]
[SourceDate "2022.10.05"]
[SourceVersion "1"]
[SourceVersionDate "2022.10.05"]
[SourceQuality "1"]

1. d4 Nf6 2. c4 g6 3. Nc3 d5 4. e3 Bg7 5. Qb3 c6 6. Nf3 0-0 7. Bd2 b6 8. Bd3 Qd6 9. 0-0 Nbd7 10. Rac1 e5 11. cxd5 Nxd5 12. Ne4 Qe7 13. Rxc6 Bb7 14. Qxd5 Bxc6 15. Qxc6 Rac8 16. Qb5 a5 17. Bc3 f5 18. Bc4+ Kh8 19. Ng3 e4 20. Nd2 f4 21. Ngxe4 fxe3 22. fxe3 Rxf1+ 23. Bxf1 Rf8 24. Qg5 Qf7 25. Bc4 Qf5 26. Qxf5 gxf5 27. Ng5 h5 28. Ndf3 Bf6 29. Be6 Bxg5 30. Nxg5 Nf6 31. d5 Kg7 32. Bxf5 Kh6 33. Ne6 Rf7 34. e4 h4 35. d6 Nd7 36. g4 hxg3 37. hxg3 Kh5 38. g4+ Kh4 39. Be1+ Kh3 40. Ng5# 1-0

[Event "POL-ch U17 Girls Qual"]
[Site "Jastrzebia Gora"]
[Date "2021.11.17"]
[Round "4"]
[White "Kulpa, Karolina"]
[Black "Matyjasek, Michalina"]
[Result "1/2-1/2"]
[WhiteElo "1388"]
[BlackElo "1467"]
[PlyCount "124"]
[EventDate "2021.11.15"]
[EventType "swiss"]
[EventRounds "9"]
[EventCountry "POL"]
[SourceTitle "EXT 2023"]
[Source "ChessBase"]
[SourceDate "2022.10.05"]
[SourceVersion "1"]
[SourceVersionDate "2022.10.05"]
[SourceQuality "1"]

1. d4 d5 2. c4 e6 3. Nf3 Nf6 4. Bg5 Be7 5. e3 0-0 6. Nc3 Nbd7 7. Rc1 c6 8. Qc2 h6 9. Bh4 Re8 10. Be2 dxc4 11. Bxc4 b5 12. Be2 a6 13. 0-0 Bb7 14. Rfd1 Qb6 15. e4 Rac8 16. Qd3 c5 17. e5 Nd5 18. Bxe7 Nxe7 19. dxc5 Nxc5 20. Qb1 Red8 21. b4 Nd7 22. Ne4 Bxe4 23. Qxe4 Nd5 24. Bd3 Nf8 25. Rxc8 Rxc8 26. Qe1 Rd8 27. Be4 Qc7 28. Rc1 Qd7 29. a3 Rc8 30. Rxc8 Qxc8 31. Bxd5 exd5 32. Qd2 Qc4 33. Nd4 Ne6 34. Nxe6 fxe6 35. f4 d4 36. Kf2 Kf7 37. Kf3 Qd5+ 38. Kf2 Qc4 39. Kf3 Qd5+ 40. Kf2 g6 41. Qd3 Qc4 42. Ke2 Qd5 43. Kf2 Qa2+ 44. Kf3 Qd5+ 45. Kf2 Qa2+ 46. Kf3 Qc4 47. Ke2 Ke7 48. Kd2 Kf7 49. Ke2 g5 50. g3 gxf4 51. gxf4 Qa2+ 52. Kf3 Qd5+ 53. Kg3 Kg7 54. Kf2 Qa2+ 55. Kf3 Qc4 56. Ke2 Kf7 57. Kd2 Kg7 58. Qg3+ Kf7 59. Qd3 Kg7 60. Qg3+ Kf7 61. Qd3 Kg7 62. Qg3+ Kf7 1/2-1/2

[Event "POL-ch U17 Girls Qual"]
[Site "Jastrzebia Gora"]
[Date "2021.11.15"]
[Round "1"]
[White "Zablocka, Marta"]
[Black "Matyjasek, Michalina"]
[Result "0-1"]
[WhiteElo "1327"]
[BlackElo "1467"]
[PlyCount "114"]
[EventDate "2021.11.15"]
[EventType "swiss"]
[EventRounds "9"]
[EventCountry "POL"]
[SourceTitle "EXT 2023"]
[Source "ChessBase"]
[SourceDate "2022.10.05"]
[SourceVersion "1"]
[SourceVersionDate "2022.10.05"]
[SourceQuality "1"]

1. e4 c5 2. Nf3 Nc6 3. d4 cxd4 4. Nxd4 g6 5. Nc3 Bg7 6. Be3 Nf6 7. Bc4 0-0 8. f3 Qb6 9. Qd2 Nxe4 10. fxe4 Bxd4 11. Bxd4 Qxd4 12. Qxd4 Nxd4 13. 0-0-0 Nc6 14. Nd5 Rb8 15. Bb5 Re8 16. Rhf1 a6 17. Be2 d6 18. a4 Ne5 19. h3 Bd7 20. b3 Bc6 21. Rf2 Kg7 22. g4 Bxd5 23. exd5 Rbc8 24. g5 Rc3 25. Bd3 Rec8 26. Kb2 Nxd3+ 27. cxd3 R3c5 28. Rdf1 Rf8 29. Re1 Rxd5 30. Rxe7 b5 31. axb5 axb5 32. h4 Rxd3 33. Rf4 Rd5 34. Rd7 Kg8 35. Ka3 Kg7 36. Kb4 Rf5 37. Rxf5 gxf5 38. Rxd6 f6 39. gxf6+ Rxf6 40. Rxf6 Kxf6 41. Kxb5 Ke5 42. Kc6 f4 43. b4 f3 44. b5 f2 45. b6 f1Q 46. b7 Qf3+ 47. Kc7 Qf7+ 48. Kb6 Qb3+ 49. Kc7 Qf7+ 50. Kb6 Qxb7+ 51. Kxb7 Kf5 52. Kc6 Kg4 53. Kd5 Kxh4 54. Ke4 Kg4 55. Ke3 Kg3 56. Ke2 Kg2 57. Ke3 h5 0-1

[Event "POL-chT U20 2nd League"]
[Site "Szczyrk"]
[Date "2017.07.26"]
[Round "6.60"]
[White "Matyjasek, Michalina"]
[Black "Hryn, Aleksandra"]
[Result "1/2-1/2"]
[WhiteElo "1351"]
[BlackElo "1550"]
[PlyCount "107"]
[EventDate "2017.07.22"]
[EventType "team-swiss"]
[EventRounds "11"]
[EventCountry "POL"]
[SourceTitle "EXT 2019"]
[Source "ChessBase"]
[SourceDate "2018.10.10"]
[SourceVersion "1"]
[SourceVersionDate "2018.10.10"]
[SourceQuality "1"]

1. d4 d6 2. c4 e5 3. Nf3 exd4 4. Nxd4 Nf6 5. Bg5 c6 6. Nc3 Be7 7. h3 Qa5 8. Bf4 d5 9. Nb3 Qd8 10. e3 Be6 11. Nd4 Nbd7 12. Be2 0-0 13. 0-0 Nb6 14. cxd5 Bxd5 15. Bd3 Bc4 16. Bxc4 Nxc4 17. Qe2 Nb6 18. Rfd1 Qc8 19. Rac1 Nfd5 20. Nxd5 Nxd5 21. Bg3 Rd8 22. e4 Bg5 23. Rb1 Nf4 24. Bxf4 Bxf4 25. Nf5 Qe6 26. Qg4 Bh6 27. Qh4 Re8 28. f3 Qxa2 29. Kh1 Qa5 30. Qh5 Qe5 31. Qh4 Qf4 32. Qh5 Qg5 33. Nxh6+ gxh6 34. Qxg5+ hxg5 35. Rd7 Rab8 36. Rbd1 Kf8 37. Kh2 Re7 38. Rd8+ Rxd8 39. Rxd8+ Kg7 40. g3 b6 41. Kg2 c5 42. Rd5 h6 43. g4 Re6 44. Kg3 Kf6 45. h4 a6 46. hxg5+ hxg5 47. Rf5+ Kg6 48. Rd5 f6 49. Kf2 Kf7 50. Ke3 Ke7 51. f4 gxf4+ 52. Kxf4 c4 53. e5 Kf7 54. Kf5 1/2-1/2

[Event "POL-chT U20 2nd League"]
[Site "Szczyrk"]
[Date "2017.07.24"]
[Round "3.83"]
[White "Lazniewska, Zofia"]
[Black "Matyjasek, Michalina"]
[Result "0-1"]
[WhiteElo "1277"]
[BlackElo "1351"]
[PlyCount "146"]
[EventDate "2017.07.22"]
[EventType "team-swiss"]
[EventRounds "11"]
[EventCountry "POL"]
[SourceTitle "EXT 2019"]
[Source "ChessBase"]
[SourceDate "2018.10.10"]
[SourceVersion "1"]
[SourceVersionDate "2018.10.10"]
[SourceQuality "1"]

1. e4 c5 2. c3 d5 3. exd5 Qxd5 4. d4 Nf6 5. Nf3 Bg4 6. Be2 cxd4 7. cxd4 e6 8. Nc3 Qd6 9. Be3 Nc6 10. a3 Be7 11. Qd2 0-0 12. 0-0 Rfd8 13. Rfd1 h6 14. h3 Bh5 15. Nh2 Bxe2 16. Qxe2 Bf8 17. Nf3 Ne7 18. Ne5 Ned5 19. Nxd5 Nxd5 20. Qf3 Qe7 21. Qg3 Qf6 22. Ng4 Qg6 23. Qf3 Rac8 24. Ne5 Qf6 25. Qxf6 Nxf6 26. Rac1 Nd5 27. Rxc8 Rxc8 28. Rc1 Rd8 29. Kf1 f6 30. Nf3 Kf7 31. Ke2 Bd6 32. Nd2 Nf4+ 33. Bxf4 Bxf4 34. g3 Bxd2 35. Kxd2 Rxd4+ 36. Ke3 Rd7 37. Rc4 e5 38. Ra4 a6 39. Rc4 Ke6 40. Rc2 f5 41. f3 g6 42. b4 Kf6 43. Rc1 g5 44. Rc8 h5 45. Rf8+ Kg6 46. Rg8+ Rg7 47. Rxg7+ Kxg7 48. a4 Kf6 49. g4 Kg6 50. a5 h4 51. Kd3 Kf6 52. Ke3 Ke6 53. Kd3 fxg4 54. fxg4 Kd5 55. Ke3 e4 56. Ke2 Kd4 57. Kd2 e3+ 58. Ke2 Ke4 59. Ke1 Kf3 60. Kf1 Kg3 61. Ke2 Kxh3 62. Kxe3 Kxg4 63. Kf2 h3 64. Kg1 Kf3 65. Kh1 Kf2 66. Kh2 g4 67. Kh1 Kg3 68. Kg1 h2+ 69. Kh1 Kf2 70. Kxh2 g3+ 71. Kh1 g2+ 72. Kh2 g1Q+ 73. Kh3 Qg3# 0-1

[Event "POL-chT U19 2nd League"]
[Site "Iwonicz"]
[Date "2016.07.31"]
[Round "3.60"]
[White "Matyjasek, Michalina"]
[Black "Hryn, Aleksandra"]
[Result "0-1"]
[WhiteElo "1199"]
[BlackElo "1471"]
[PlyCount "56"]
[EventDate "2016.07.23"]
[EventType "team-swiss"]
[EventRounds "11"]
[EventCountry "POL"]
[SourceTitle "EXT 2019"]
[Source "ChessBase"]
[SourceDate "2018.10.10"]
[SourceVersion "1"]
[SourceVersionDate "2018.10.10"]
[SourceQuality "1"]
[WhiteTeam "Wielun UKS Piatka U19"]
[BlackTeam "Gliwice Akademia Szachowa U19"]
[WhiteTeamCountry "POL"]
[BlackTeamCountry "POL"]

1. d4 Nf6 2. c4 e6 3. Nc3 Bb4 4. Bd2 0-0 5. Nf3 d5 6. Bf4 Nbd7 7. e3 Ne4 8. Qc2 c5 9. Nd2 cxd4 10. exd4 Ndf6 11. Bd3 Nxd2 12. Qxd2 b6 13. 0-0 Bb7 14. a3 Bxc3 15. Qxc3 dxc4 16. Bxc4 Rc8 17. a4 Nd5 18. Qg3 Nxf4 19. Qxf4 Rxc4 20. Rfd1 Qd5 21. Qg3 Rd8 22. h3 Rxd4 23. Rdc1 Rd3 24. Qg4 h5 25. Qxg7+ Kxg7 26. Kf1 Qxg2+ 27. Ke1 Bf3 28. b4 Qg1# 0-1

[Event "POL-chT U19 2nd League"]
[Site "Iwonicz"]
[Date "2015.08.01"]
[Round "7.66"]
[White "Hryn, Aleksandra"]
[Black "Matyjasek, Michalina"]
[Result "1-0"]
[WhiteElo "1319"]
[BlackElo "1174"]
[PlyCount "83"]
[EventDate "2015.07.25"]
[EventType "team-swiss"]
[EventRounds "11"]
[EventCountry "POL"]
[SourceTitle "EXT 2019"]
[Source "ChessBase"]
[SourceDate "2018.10.10"]
[SourceVersion "1"]
[SourceVersionDate "2018.10.10"]
[SourceQuality "1"]
[WhiteTeam "Gliwice Akademia Szachowa U19"]
[BlackTeam "Wielun UKS Piatka U19"]
[WhiteTeamCountry "POL"]
[BlackTeamCountry "POL"]

1. e4 c5 2. Nf3 Nc6 3. d4 cxd4 4. Nxd4 g6 5. c4 Bg7 6. Be3 Nf6 7. Nc3 0-0 8. Be2 d6 9. 0-0 Re8 10. Qd2 Ng4 11. Bxg4 Bxg4 12. f3 Bd7 13. Rfd1 Qc7 14. Nd5 Qd8 15. Rac1 Rc8 16. b3 a6 17. Nxc6 Bxc6 18. Qe2 b5 19. c5 dxc5 20. Rxc5 Qa5 21. Rdc1 Bd7 22. Rxc8 Rxc8 23. Nxe7+ Kh8 24. Nxc8 b4 25. Qd3 Be6 26. Nb6 h6 27. Qd8+ Kh7 28. Qd2 Qh5 29. Bd4 Bxd4+ 30. Qxd4 Qg5 31. Rd1 Qb5 32. Nd5 h5 33. Nf6+ Kh6 34. Ng8+ Kh7 35. Nf6+ Kh6 36. h4 Qb8 37. Qe3+ Kg7 38. Nd7 Bxd7 39. Rxd7 Qe8 40. Qd4+ Kh7 41. Rd8 Qxd8 42. Qxd8 1-0

[Event "POL-chT U19 2nd League"]
[Site "Iwonicz"]
[Date "2015.08.01"]
[Round "9.60"]
[White "Krzysztynska, Anna"]
[Black "Matyjasek, Michalina"]
[Result "1-0"]
[WhiteElo "1524"]
[BlackElo "1174"]
[PlyCount "123"]
[EventDate "2015.07.25"]
[EventType "team-swiss"]
[EventRounds "11"]
[EventCountry "POL"]
[SourceTitle "EXT 2019"]
[Source "ChessBase"]
[SourceDate "2018.10.10"]
[SourceVersion "1"]
[SourceVersionDate "2018.10.10"]
[SourceQuality "1"]
[WhiteTeam "Krosno KKSz Urania U19"]
[BlackTeam "Wielun UKS Piatka U19"]
[WhiteTeamCountry "POL"]
[BlackTeamCountry "POL"]

1. e4 c5 2. c3 d5 3. e5 d4 4. Bc4 e6 5. d3 Nc6 6. Nf3 g6 7. 0-0 Bg7 8. Re1 Nge7 9. Bf4 0-0 10. Nbd2 b6 11. Ne4 f6 12. exf6 Bxf6 13. Nxf6+ Rxf6 14. Bg5 Rf8 15. Bxe6+ Bxe6 16. Rxe6 Qc7 17. Qc2 Nd5 18. cxd4 Rxf3 19. Rxc6 Qxc6 20. gxf3 Nb4 21. Qc4+ Kg7 22. dxc5 Qxc5 23. Qxc5 bxc5 24. Re1 Rf8 25. Re7+ Rf7 26. Bh6+ Kf6 27. Re3 Nxa2 28. Bf4 Rd7 29. Re5 Rxd3 30. Rxc5 Rxf3 31. Bg5+ Ke6 32. Rc7 Rf7 33. Rc4 Rf5 34. Be3 Rb5 35. Ra4 Rxb2 36. Rxa7 h5 37. Rg7 Rb1+ 38. Kg2 Kf6 39. Ra7 Nc1 40. Rd7 Ne2 41. Rd2 Nc1 42. Rd1 g5 43. Rxc1 Rb5 44. Rc5 Rxc5 45. Bxc5 Kf5 46. h3 h4 47. Kf3 Kf6 48. Kg4 Kg6 49. Be7 Kh6 50. Bxg5+ Kg6 51. Bxh4 Kh6 52. Kf5 Kh5 53. Ke6 Kxh4 54. f4 Kh5 55. f5 Kh6 56. f6 Kh7 57. f7 Kh8 58. f8Q+ Kh7 59. Qf6 Kg8 60. Qe7 Kh8 61. Kf6 Kg8 62. Qg7# 1-0

[Event "POL-chT U19 2nd League"]
[Site "Iwonicz"]
[Date "2015.08.01"]
[Round "6.72"]
[White "Matyjasek, Michalina"]
[Black "Mazanowska, Aniela"]
[Result "1-0"]
[WhiteElo "1174"]
[BlackElo "1111"]
[PlyCount "69"]
[EventDate "2015.07.25"]
[EventType "team-swiss"]
[EventRounds "11"]
[EventCountry "POL"]
[SourceTitle "EXT 2019"]
[Source "ChessBase"]
[SourceDate "2018.10.10"]
[SourceVersion "1"]
[SourceVersionDate "2018.10.10"]
[SourceQuality "1"]
[WhiteTeam "Wielun UKS Piatka U19"]
[BlackTeam "Myslenice MLKSz U19"]
[WhiteTeamCountry "POL"]
[BlackTeamCountry "POL"]

1. d4 d5 2. c4 e5 3. Nc3 dxc4 4. e3 Nc6 5. Nf3 Bb4 6. d5 e4 7. dxc6 Qxd1+ 8. Kxd1 exf3 9. Nb5 Bd6 10. Nxd6+ cxd6 11. c7 Bg4 12. g3 d5 13. e4 dxe4 14. Bxc4 Nf6 15. h3 Bd7 16. Bf4 0-0 17. g4 Rac8 18. Rc1 Bc6 19. Ba6 Bd5 20. Bb5 Kh8 21. Bd6 Rg8 22. g5 Ne8 23. Be5 a6 24. Bd7 Be6 25. Bxc8 Bxc8 26. h4 f6 27. gxf6 gxf6 28. Bg3 Ng7 29. Kc2 Ne6 30. Kb1 Rg7 31. Rhd1 Rg8 32. Rc4 Kg7 33. Rxe4 Nc5 34. Red4 Ne6 35. Rc4 1-0